Database system Concepts,Concepts,Designs and Application (Record no. 7934)
[ view plain ]
| 000 -LEADER | |
|---|---|
| fixed length control field | 00305nam a2200109Ia 4500 |
| 008 - FIXED-LENGTH DATA ELEMENTS--GENERAL INFORMATION | |
| fixed length control field | 191201s2013 xx 000 0 und d |
| 100 ## - MAIN ENTRY--PERSONAL NAME | |
| Personal name | SINGH,Shio Kumar |
| 245 #0 - TITLE STATEMENT | |
| Title | Database system Concepts,Concepts,Designs and Application |
| 250 ## - EDITION STATEMENT | |
| Edition statement | IMP 3rd |
| 260 ## - PUBLICATION, DISTRIBUTION, ETC. (IMPRINT) | |
| Date of publication, distribution, etc | 2013 |
| Name of publisher, distributor, etc | pearson |
| Place of publication, distribution, etc | NEW DELHI |
| 942 ## - ADDED ENTRY ELEMENTS (KOHA) | |
| Source of classification or shelving scheme | Dewey Decimal Classification |
| Koha item type | Text Books |
| 942 ## - ADDED ENTRY ELEMENTS (KOHA) | |
| -- | 2 |
| Withdrawn status | Lost status | Source of classification or shelving scheme | Damaged status | Not for loan | Collection code | Home library | Current library | Date acquired | Source of acquisition | Cost, normal purchase price | Bill Number | Total Checkouts | Full call number | Acc. no. / Barcode | Date last seen | Date last borrowed | Actual Cost, discounted price | Bill Date | Koha item type |
|---|---|---|---|---|---|---|---|---|---|---|---|---|---|---|---|---|---|---|---|
| Dewey Decimal Classification | BCA | PIET C-LIBRARY | PIET C-LIBRARY | 02/04/2015 | KIRTI PRAKASHAN, NEW DELHI | 599.00 | IN-2171 | 3 | 005.74 SID | BC1085 | 01/12/2025 | 17/11/2025 | 401.33 | 04/02/2015 | Text Books | ||||
| Dewey Decimal Classification | BCA | PIET C-LIBRARY | PIET C-LIBRARY | 02/04/2015 | KIRTI PRAKASHAN, NEW DELHI | 599.00 | IN-2171 | 5 | 005.74 SID | BC1086 | 25/11/2025 | 17/11/2025 | 401.33 | 04/02/2015 | Text Books |